| 000 | 00549nam a2200169Ia 4500 | ||
|---|---|---|---|
| 008 | 230925s9999||||xx |||||||||||||| ||und|| | ||
| 082 | _a621.31 REH | ||
| 100 |
_aRehman, Habib Ur (328570) _9118255 |
||
| 245 | 0 | _aOptimal Planning of Renewable based DGs for Achieving Techno-Economic Objectives across various Load Models / | |
| 260 |
_bUSPCAS-E, NUST,Islamabad : _c2023 |
||
| 300 | _axii, 69 p. | ||
| 520 | _aTH-475 | ||
| 650 |
_vMS Thesis _918721 |
||
| 650 | _vMS-EEP Thesis | ||
| 700 |
_aDr Syed Ali Abbas Kazmi _9117439 |
||
| 942 |
_cTHE _2ddc |
||
| 999 |
_c603222 _d603222 |
||